000 00318 a2200157 4500
001 193097
020 _a978-85-424-0608-5
040 _cMagnum
100 _aTrindade, Kátia
240 1 0 _aIgualdade
_lpor
245 1 0 _aIgualdade
300 _a15
362 0 _a2017
697 _aLITERATURA INFANTIL
942 _cBK
999 _c193097
_d193097